| Tag |
First Indicator |
Second Indicator |
Subfields |
| LEADER |
00000cam a2200000 a 4500 |
| 001 |
in00000090313 |
| 005 |
20151008063632.0 |
| 008 |
800214s1980 ne b 00110 engm |
| 010 |
|
|
|a 80011682
|
| 020 |
|
|
|a 9027710503
|
| 035 |
|
|
|a (OCoLC)06085825
|
| 035 |
|
|
|9 AAK2634AM
|
| 040 |
|
|
|a DLC
|c DLC
|d OCL
|d TXA
|d UtOrBLW
|
| 043 |
|
|
|a a-ii---
|
| 049 |
|
|
|a TXAM
|c [1442264]
|
| 050 |
0 |
0 |
|a BL2015.M9
|b M36
|
| 082 |
0 |
|
|a 294.5/01/9
|
| 100 |
1 |
|
|a Masson, J. Moussaieff
|q (Jeffrey Moussaieff),
|d 1941-
|
| 245 |
1 |
4 |
|a The oceanic feeling :
|b the origins of religious sentiment in ancient India /
|c by J. Moussaieff Masson.
|
| 264 |
|
1 |
|a Dordrecht, Holland ;
|a Boston :
|b D. Reidel Pub. Co. ;
|c [1980]
|
| 264 |
|
2 |
|a Hingham, MA :
|b Sold and distributed in the U.S.A. and Canada by Kluwer Boston,
|
| 264 |
|
4 |
|c ©1980
|
| 300 |
|
|
|a xv, 213 pages ;
|c 23 cm.
|
| 336 |
|
|
|a text
|b txt
|2 rdacontent
|
| 337 |
|
|
|a unmediated
|b n
|2 rdamedia
|
| 338 |
|
|
|a volume
|b nc
|2 rdacarrier
|
| 490 |
1 |
|
|a SCI ;
|v v. 3
|
| 500 |
|
|
|a Includes index.
|
| 504 |
|
|
|a Bibliography: pages 143-207.
|
| 650 |
|
0 |
|a Mysticism
|z India.
|
| 650 |
|
0 |
|a Mysticism
|x Hinduism.
|
| 650 |
|
0 |
|a Psychoanalysis and religion.
|
| 650 |
|
0 |
|a Psychology, Religious.
|
| 650 |
|
0 |
|a Mysticism
|x Psychology.
|
| 830 |
|
0 |
|a Studies of classical India ;
|v v. 3.
|
| 999 |
|
|
|a MARS
|
| 999 |
f |
f |
|s a605d34e-6f34-37d6-8c59-6fdecb6b2cd6
|i 0f645b7b-bae9-3101-8282-457cbd3ef48d
|t 0
|
| 952 |
f |
f |
|p ric
|a Texas A&M University
|b Rellis Campus
|c Joint Library Facility
|d Remote Storage
|t 0
|e BL2015.M9 M36
|h Library of Congress classification
|i unmediated -- volume
|m A14806090092
|
| 998 |
f |
f |
|a BL2015.M9 M36
|t 0
|l Remote Storage
|